Comercialización ; un enfoque gerencial

Gespeichert in:
Bibliographische Detailangaben
1. Verfasser: McCarthy, E. Jerome
Format: Buch
Sprache:Englisch
Veröffentlicht: Buenos Aires El Ateneo 1968
Ausgabe:2ª ed.
Schlagworte:
Tags: Tag hinzufügen
Keine Tags, Fügen Sie den ersten Tag hinzu!

MARC

LEADER 00000nam a22000005a 4500
003 CL-ChBUA
005 20120815091448.0
008 080212s1968 ag ||||| |||| 000 ||eng
040 |a CL-ChBUA  |c CL-ChBUA 
082 0 0 |a 658.8 
090 |c 22736  |d 22736 
100 1 |a McCarthy, E. Jerome 
245 1 0 |a Comercialización ;  |b un enfoque gerencial 
250 |a 2ª ed. 
260 |a Buenos Aires  |b El Ateneo  |c 1968 
300 |a xxii, 934 p.  |c 23 cm. 
504 |a il., índice, apéndice 
650 4 |a COMERCIALIZACION 
942 |c LIB 
952 |0 0  |1 0  |4 0  |7 0  |9 55324  |a UNACH  |b UNACH  |c 600  |d 2008-02-12  |i 22.342  |l 0  |o 658.8 / M 123  |p 56410  |r 2019-06-11 00:00:00  |u 55324  |w 2012-08-08  |y LIB  |k 658.8 / M 123 
999 |c 22736  |d 22736